| 000 | 00792nam a2200205 a 4500 | ||
|---|---|---|---|
| 001 | 000041526 | ||
| 005 | 20201002035625.0 | ||
| 008 | 131009s1988 sp a 000 0 spa d | ||
| 020 | _a8400068548 | ||
| 040 |
_aDO-SdBNP _bspa _cBNPHU |
||
| 082 |
_axxx _bN285 |
||
| 245 | 0 | 0 |
_aIgnacio Bolívar y las ciencias naturales en España / _cpresentación y apéndice de Alberto Gomis Blanco. |
| 260 |
_aMadrid _aConsejo Superior de Investigaciones Científicas, _c1988. |
||
| 300 |
_axv, 205 p. : _bil. ; _c22 cm. |
||
| 490 | 1 |
_aEstudios sobre la ciencia _v4 |
|
| 500 | _aIncluye referencias bibliográficas y notas al pie de las páginas. | ||
| 533 |
_aFacsímil _bMadrid _cImprenta Clásica Española _d1921 |
||
| 700 | 1 | 2 |
_aGomis Blanco, Alberto _968250 |
| 830 | 0 |
_aEstudios sobre la ciencia _n4 _968251 |
|
| 999 |
_c41016 _d41016 |
||